000
00321nas a2200145 a 4500
001
71999
003
146141
005
20201118111001.0
008
||||||n9999 ||| || ||
245
0
_a
Sintesis Economica - No.306
260
_c
1982.
562
_e
0
773
_0
16191
_a
Sintesis Economica
942
_c
SISS
999
_c
71999
_d
71999